Monk Trivia - Statistics

General Stats
  • This quiz has been taken 187 times
  • The average score is 10 of 13
Answer Stats
Hint Answer % Correct
main character Adrian Monk
100%
Monk's wife Trudy Monk
93%
Where does monk live? San Fancisco
89%
Monk's first assistant Sharona Flemming
89%
T or F: Monk is afraid of almost anything True
86%
Monk's old job A police officer
84%
You'll _____ me later thank
83%
The theme song It's A Jungle Out There
76%
Monk's Second assistant Natalie Teeger
68%
The captain's name Leland Stottlemeyer
64%
Monk's first psychologist Doctor Kroger
61%
Monk's second psychologist Doctor Bell
56%
Theme song Writer Randy Newman
49%
No matching quizzes found
Score Distribution
Percent of People with Each Score
Percentile by Number Answered
Your Score History
You have not taken this quiz